000 00416nam a2200169Ia 4500
003 Ost
005 20260225132601.0
008 260225s9999||||xx |||||||||||||| ||und||
020 _a2080664573
040 _cfsic
041 _afre
082 _a70.4
100 _adominique wolton
_eAuteur
245 0 _aéloge du grand public :
245 0 _bune téorie de la télévision /
_cdominique wolton
942 _cكتاب
999 _c34742
_d34742